Answers are U.S. National Parks - Statistics

General Stats
  • This quiz has been taken 100 times
  • The average score is 14 of 20
Answer Stats
Clue Answer % Correct
Tallest mountain in Alaska {Denali}
93%
Region of swampy wetlands in southern Florida {Everglades}
88%
Lowest, driest, and hottest location in North America {Death} {Valley}
84%
Large, slowly flowing ice sheet {Glacier}
80%
Event whose motto is "Faster, Higher, Stronger – Together" {Olympic} Games
80%
Tallest mountain in Washington {Mount} {Rainier}
79%
Mountain range stretching from New Mexico to British Columbia {Rocky} {Mountain}s
79%
"Ism" defined as the support of a Jewish homeland in the Holy Land {Zion}ism
79%
Guernsey and Jersey are parts of this island chain {Channel} {Islands}
78%
World's heaviest tree species Giant {Sequoia}
78%
First U.S. president to win a Nobel Peace Prize {Theodore} {Roosevelt}
78%
The name of McDonald's logo Golden {Arches}
76%
Both the title and the cover photo of this 1987 album by U2 is a type of tree The {Joshua} {Tree}
72%
The world's tallest living individual tree is this type of tree Coast {Redwood}
69%
Famous monument in St. Louis designed by Eero Saarinen {Gateway} {Arch}
67%
World's longest cave system {Mammoth} {Cave}
63%
Trigger happy Looney Tunes frontiersman who hates "varmints" {Yosemite} Sam
57%
Type of cactus prevalent in Arizona and Sonora {Saguaro}
52%
Jeffrey Epstein had his notorious private island in this archipelago {Virgin} {Islands}
48%
People who settled in Louisiana after being exiled from eastern Canada in the 1700s {Acadia}ns
46%
No matching quizzes found
Score Distribution
Percent of People with Each Score
Percentile by Number Answered
Your Score History
You have not taken this quiz